La teoría de la libertad de la voluntad en la actual doctrina filosófica del Derecho Penal
Guardat en:
| Autor principal: | |
|---|---|
| Format: | Llibre |
| Idioma: | espanyol |
| Publicat: |
Montevideo
B de F Ltda
2008
|
| Col·lecció: | Maestros del Derecho Penal, 22
|
| Matèries: | |
| Etiquetes: |
Afegir etiqueta
Sense etiquetes, Sigues el primer a etiquetar aquest registre!
|
MARC
| LEADER | 00000cam a2200000 a 4500 | ||
|---|---|---|---|
| 001 | UCG8869 | ||
| 003 | CL-VaPUC | ||
| 008 | 120106e20080000UY |||||||||||||||||spa|d | ||
| 020 | |a 9974578701 | ||
| 082 | 0 | 4 | |a 345.001 |b ENG |2 21 |
| 100 | |a Engisch, Karl |e autor |9 560127 | ||
| 245 | 1 | 3 | |a La teoría de la libertad de la voluntad en la actual doctrina filosófica del Derecho Penal |
| 300 | |a 126 p | ||
| 942 | |c BK | ||
| 945 | |d 20120106 00:00:00 |a dcastane | ||
| 260 | |a Montevideo |b B de F Ltda |c 2008 | ||
| 650 | 7 | |a DERECHO PENAL |2 CL-VaPUC |9 11 | |
| 650 | 0 | |a Filosofía del derecho |9 255050 | |
| 583 | |a last modification |c 20120106 11:45:00 |k Rodrigo Vera | ||
| 490 | 0 | |a Maestros del Derecho Penal, 22 | |
| 999 | |c 346457 |d 346455 | ||
| 952 | |0 0 |1 0 |4 0 |6 345_001000000000000_ENG_2008 |7 0 |8 A |9 447146 |a BIBDER |b BIBDER |d 2019-11-22 |i 4817079 |o 345.001 ENG 2008 |p 4817079 |r 2023-01-25 |w 2019-11-22 |y BK |k DER | ||